[Event "Andalucia-chA"]
[Site "Roquetas de Mar"]
[Date "2017.05.14"]
[Round "3"]
[White "Garcia Fernandez, Miguel"]
[Black "Gentes Benito, Angel"]
[Result "1/2-1/2"]
[WhiteElo "1801"]
[BlackElo "1873"]
[PlyCount "115"]
[EventDate "2017.05.13"]
[EventType "swiss"]
[EventRounds "8"]
[EventCountry "ESP"]
[SourceTitle "EXT 2020"]
[Source "ChessBase"]
[SourceDate "2019.10.17"]
[SourceVersion "1"]
[SourceVersionDate "2019.10.17"]
[SourceQuality "1"]

1. d4 c6 2. Nf3 d5 3. c4 Nf6 4. g3 e6 5. Bg2 Bb4+ 6. Bd2 Be7 7. 0-0 0-0 8. Nc3 Re8 9. Qc2 Nbd7 10. Rfd1 Bf8 11. cxd5 exd5 12. Bg5 h6 13. Bf4 g5 14. Bc1 Bg7 15. b4 a6 16. Nd2 Qb6 17. e4 Qxd4 18. exd5 cxd5 19. Rb1 Nb6 20. Nde4 Qe5 21. Nxf6+ Qxf6 22. Nxd5 Nxd5 23. Bb2 Nc3 24. Bf1 Bf5 25. Bd3 Qc6 26. Bxc3 Bh3 27. Bh7+ Kh8 28. Bxg7+ Kxg7 29. Qxc6 bxc6 30. Bd3 Be6 31. a3 a5 32. Be4 Rec8 33. Rbc1 axb4 34. axb4 Rab8 35. Rd6 Rxb4 36. Rdxc6 Rd8 37. Bg2 Rd2 38. h4 gxh4 39. R6c2 Rxc2 40. Rxc2 hxg3 41. fxg3 Rd4 42. Kf2 Rc4 43. Rxc4 Bxc4 44. Ke3 Kf6 45. Kf4 Be6 46. Bf3 Bd7 47. Ba8 Bb5 48. Bf3 Bc4 49. Ba8 Be2 50. Be4 h5 51. Bh7 Ke6 52. Be4 Bg4 53. Bb7 Kd6 54. Ba8 f6 55. Be4 Kc5 56. Ba8 Kd4 57. Bc6 Kc5 58. Ba8 1/2-1/2